An Introduction to Environmental Education (Record no. 3396)
[ view plain ]
| 000 -LEADER | |
|---|---|
| fixed length control field | 00405nam a22001337a 4500 |
| 020 ## - ISBN | |
| International Standard Book Number | 99966846131 |
| 050 ## - LIBRARY OF CONGRESS CALL NUMBER | |
| Classification Number | GF26.15 |
| Item Number | .E68 |
| 100 ## - MAIN ENTRY--Author | |
| Personal name | Otiende E. James |
| 245 ## - TITLE | |
| Title | An Introduction to Environmental Education |
| Statement of responsibility, etc | Otiende E. James,Ezaza P. William ,Boisvert Raymond |
| 260 ## - PUBLICATION, DISTRIBUTION, ETC.(IMPRINT) | |
| Place of publication, distribution, etc | Nairobi |
| Name of publisher, distributor, etc | Nairobi University Press |
| Date of publication, distribution, etc | 1991 |
| 300 ## - PHYSICAL DESCRIPTION | |
| Extent | 270p. |
| 700 ## - ADDED ENTRY--PERSONAL AUTHOR | |
| Personal Name | Ezaza P. William ,Boisvert Raymond |
| 942 ## - ADDED ENTRY ELEMENTS(KOHA) | |
| Koha item type | General circulation |
| Source of classification or shelving scheme | Not for loan | Location (home branch) | Sublocation (holding branch) | Date accessioned | Cost, normal purchase price | Full call number | Barcode | Cost, replacement price | Koha item type | Public note |
|---|---|---|---|---|---|---|---|---|---|---|
| Library of Congress Classification | Mtito Andei Centre Library | Mtito Andei Centre Library | 11/09/2014 | 1100.00 | GF26.15 .E68 | 4019 | 1600.00 | General circulation | kim |